Hands-on data science for biologists using python (Record no. 394930)

MARC details
000 -LEADER
fixed length control field 00565 a2200205 4500
005 - DATE & TIME
control field 20260116151803.0
008 - FIXED-LENGTH DATA ELEMENTS--GENERAL INFORMATION
fixed length control field 260115b |||||||| |||| 00| 0 eng d
020 ## - ISBN
International Standard Book Number 9781032937885
Price Rs. 1595.00
040 ## - CATALOGING SOURCE
Original cataloging agency VIVEKANANDA LIBRARY
082 ## - DDC NUMBER
Classification number 570.285
Book Number H273H
100 ## - MAIN ENTRY--PERSONAL NAME
Personal name Hasija, Yasha
245 ## - TITLE STATEMENT
Title Hands-on data science for biologists using python
260 ## - PUBLICATION, DISTRIBUTION, ETC. (IMPRINT)
Name of publisher, distributor, etc CRC Press
Date of publication, distribution, etc 2025
Place of publication, distribution, etc Boca Raton
300 ## - PHYSICAL DESCRIPTION
Pages xii, 286
650 ## - Subject
Subject Biology
650 ## - Subject
Subject Data Processing
650 ## - Subject
Subject Python- Computer Program Language
700 ## - Added Entry Personal Name
Added Entry Personal Name Chakraborty, Rajkumar
942 ## - ADDED ENTRY ELEMENTS (KOHA)
Koha item type Books
Holdings
Withdrawn status Lost status Source of classification or shelving scheme Damaged status Not for loan Location (home branch) Sublocation or collection (holding branch) Shelving location Date acquired Koha issues (times borrowed) Koha full call number Accession No. Koha date last seen Koha item type
    Dewey Decimal Classification     VIVEKANANDA LIBRARY VIVEKANANDA LIBRARY Vivekananda Library 18/12/2025   570.285 H273H 443748 18/12/2025 Books
© Designed and Maintained by Vivekananda Library, MDU Rohtak